| 000 | 00597nam a2200181Ia 4500 | ||
|---|---|---|---|
| 008 | 140429s9999 xx 000 0 und d | ||
| 020 | _a9789712721175 | ||
| 050 |
_aHQ 679.2 _b.C176 2008 |
||
| 100 | _aCarandang, Ma. Lourdes A. | ||
| 245 | 4 |
_aThe Filipino family surviving the world : _bpsychological essays on the family / _cMa. Lourdes A. Carandang and Queena N. Lee-Chua. |
|
| 260 |
_aManila : _bAnvil Pub., _cc2008. |
||
| 300 |
_a124 p. : _c22 cm. |
||
| 521 | _aPSYCH | ||
| 650 |
_aFamily _xPhilippines. |
||
| 650 |
_aFamily _xPsychological aspects. |
||
| 942 |
_kLOC _cBK |
||
| 999 |
_c115742 _d115742 |
||